| 000 -LEADER |
| fixed length control field |
01057nam a22002657a 4500 |
| 005 - DATE AND TIME OF LATEST TRANSACTION |
| control field |
20260415160122.0 |
| 008 - FIXED-LENGTH DATA ELEMENTS--GENERAL INFORMATION |
| fixed length control field |
260415b xxu||||| |||| 00| 0 eng d |
| 040 ## - CATALOGING SOURCE |
| Original cataloging agency |
Cagayan State University |
| 082 ## - DEWEY DECIMAL CLASSIFICATION NUMBER |
| Classification number |
791.4372 |
| Item number |
W636 |
| 245 ## - TITLE STATEMENT |
| Title |
Wick is Pain / |
| Statement of responsibility, etc |
directed by Jeffrey Doe ; produced by Josh Oreck, Gabriel Roth, and Matthew Sidle ; edited by Nick Bradford and Jeffrey Doe. |
| 260 ## - PUBLICATION, DISTRIBUTION, ETC. (IMPRINT) |
| Place of publication, distribution, etc |
United States : |
| Name of publisher, distributor, etc |
87Eleven Entertainment, |
| Date of publication, distribution, etc |
2025. |
| 300 ## - PHYSICAL DESCRIPTION |
| Extent |
1 videofile, (ca. 126 mins.) : |
| Other physical details |
sound, color. |
| 520 ## - SUMMARY, ETC. |
| Summary, etc |
The never-before-seen footage and story behind the John Wick (2014) phenomenon, from independent film to billion-dollar franchise. |
| 546 ## - LANGUAGE NOTE |
| Language note |
In English subtitle. |
| 650 ## - SUBJECT ADDED ENTRY--TOPICAL TERM |
| Topical term or geographic name as entry element |
Documentary |
| 700 ## - ADDED ENTRY--PERSONAL NAME |
| Personal name |
Doe, Jeffrey, director and editor. |
| 700 ## - ADDED ENTRY--PERSONAL NAME |
| Personal name |
Bradford, Nick, editor. |
| 700 ## - ADDED ENTRY--PERSONAL NAME |
| Personal name |
Oreck, Josh, producer. |
| 700 ## - ADDED ENTRY--PERSONAL NAME |
| Personal name |
Roth, Gabriel, producer. |
| 700 ## - ADDED ENTRY--PERSONAL NAME |
| Personal name |
Sidle, Matthew, producer. |
| 700 ## - ADDED ENTRY--PERSONAL NAME |
| Personal name |
Revees, Keanu, star. |
| 700 ## - ADDED ENTRY--PERSONAL NAME |
| Personal name |
Stahelski, Chad, star. |
| 700 ## - ADDED ENTRY--PERSONAL NAME |
| Personal name |
Adkins, Scott, star. |
| 942 ## - ADDED ENTRY ELEMENTS (KOHA) |
| Source of classification or shelving scheme |
|
| Item type |
Audio-Visual Materials |